00705cam a22001817a 450000100100000000500170001000800410002704000350006810000250010324500800012826000500020830000260025858600340028450400740031804900090039295201050040199900170050600001988520200929170158.0810309s1978 cu 000 0 spa d aDO-SdBNPcDLCdDLCbspadBNPHU1 aRojas, Marta,93849413aEl que debe vivir /cMarta Rojas ; edición de María del Carmen Pérez. aLa Habana :bCasa de las Américas,c[1978]. a136, [1] p. ;c19 cm. aPremio Casa de las Américas aIncluye referencias bibliográficas y notas al pie de las páginas. aBNGR 001050718MOaGRbGRcCTd2010-07-08iLF1l0o p19885-10r2020-06-25w2020-06-25y1ZNo se presta c19398d19398